| 000 | 00000nam 2200000zi 4500 |
| 001 | 9.946887 |
| 003 | CaOODSP |
| 005 | 20250115132636 |
| 006 | m o d f |
| 007 | cr gn||||||||| |
| 008 | 250115t19951995oncad o f001 0 eng d |
| 020 | |z0660182440 |
| 040 | |aCaOODSP|beng|erda|cCaOODSP |
| 043 | |an-cn--- |
| 086 | 1 |aNR35-21/2000E-PDF|zNR35-21/2000E |
| 245 | 00|aNational Plumbing Code of Canada 1995 / |cissued by the Canadian Commission on Building and Fire Codes, National Research Council of Canada. |
| 250 | |aSeventh edition. |
| 264 | 1|aOttawa : |bNational Research Council of Canada, |c1995. |
| 264 | 4|c©1995 |
| 300 | |a1 online resource (1 volume (various pagings)) : |billustrations, graphs |
| 336 | |atext|btxt|2rdacontent |
| 337 | |acomputer|bc|2rdamedia |
| 338 | |aonline resource|bcr|2rdacarrier |
| 500 | |aCover title. |
| 500 | |aIssued also in French under title: Code national de la plomberie - Canada 1995. |
| 500 | |aDigitized edition from print [produced by National Research Council of Canada]. |
| 500 | |a"Third printing." |
| 500 | |a"Includes revisions and errata of August 1999 and March 2002." |
| 500 | |a"First edition 1970, second edition 1975, third edition 1977, fourth edition 1980, fifth edition 1985, sixth edition 1990." |
| 500 | |aIncludes index. |
| 520 | |a"The National Plumbing Code of Canada (NPC) contains the requirements for the design and installation of plumbing systems. The requirements contained in this Code are supported by explanatory material and diagrams contained in Appendix A, thus leaving the body of the Code consisting of regulatory material only.The first line of each item in the Appendix contains in bold-face type a reference to the definition or requirement to which the explanatory material applies. These references have been placed in alphabetical or numerical order to ensure that they are easily found when they are referred to in the text"--Preface, page v. |
| 650 | 0|aPlumbing|xLaw and legislation|zCanada. |
| 650 | 0|aPlumbing|xStandards|zCanada. |
| 710 | 2 |aCanadian Commission on Building and Fire Codes, |eissuing body. |
| 775 | 08|tCode national de la plomberie - Canada 1995 / |w(CaOODSP)9.946894 |
| 794 | |tNational Plumbing Code of Canada 2005 / |w(CaOODSP)9.946744 |
| 795 | |tCanadian Plumbing Code 1990.|w(CaOODSP)9.946035 |
| 856 | 40|qPDF|s3.03 MB|uhttps://publications.gc.ca/collections/collection_2025/cnrc-nrc/NR35-21-2000-eng.pdf |
| 986 | |aNRCC 38728 |